Zeitschrift für Agrargeschichte und Agrarsoziologie : (Titelsatznr. 372174)
[ MARC ]
| 000 -Satzkennung | |
|---|---|
| Kontrollfeld mit fester Länge | 00623nam a22001577a 4500 |
| 005 - Datum und Zeit der letzten Transaktion | |
| Kontrollfeld | 20230125143907.0 |
| 008 - Feld mit fester Länge zur physischen Beschreibung - Allgemeine Angaben | |
| Kontrollfeld mit fester Länge | 230125b ||||| |||| 00| 0 eng d |
| 040 ## - Katalogisierungsquelle | |
| Original-Katalogisierungsstelle | DE-2950 |
| Übertragungsstelle | DE-2950 |
| 041 ## - Sprachcode | |
| Sprachcode des Textes/der Tonspur oder des separaten Titels | ger |
| 245 ## - Titel | |
| Titel | Zeitschrift für Agrargeschichte und Agrarsoziologie : |
| Zusatz zum Titel | in Verb. mit d. Gesellschaft für Agrargeschichte und der Deutschen Landwirtschaftsgesellschaft hrsg. |
| 260 ## - Publikation, Vertrieb usw. | |
| Erscheinungsort, Vertriebsort etc. | Frankfurt, M.: |
| Name des Verlags, des Vertriebs etc. | DLG-Verl. |
| Erscheinungsjahr, Vertriebsjahr etc. | 1990- |
| 310 ## - Aktuelle Erscheinungsfrequenz | |
| Aktuelle Erscheinungsfrequenz | halbjährlich |
| 500 ## - Allgemeine Fußnote | |
| Allgemeine Fußnote | unvollständig; ab Jahrgang 38 (1990) Heft 1, Mai 1990 - |
| 500 ## - Allgemeine Fußnote | |
| Allgemeine Fußnote | Folgende Bände fehlen: Jg. 41,1; Jg. 44,1; Jg. 46, 1+2, Jg. 56,2 |
| 942 ## - Zusätzliche Felder (Koha) | |
| Klassifikation oder Aufstellungssystematik | Andere/Generische Klassifikation |
| Koha-Medientyp | Zeitschriften |
| Ausgeschieden | Verloren | Klassifikation oder Aufstellungssystematik | Beschädigt | Nicht entleihbar | Heimatbibliothek | Aufenthaltsbibliothek | Aufstellungsort | Erwerbungsdatum | Lieferant | Kaufpreis | Heft/Jahrgang | Anzahl Ausleihen | Signatur | Letzte Aktivität | Exemplarnummer | Preis gültig von | Koha-Medientyp |
|---|---|---|---|---|---|---|---|---|---|---|---|---|---|---|---|---|---|
| Andere/Generische Klassifikation | Stadtarchiv Frankfurt (Oder) | Archivbibliothek | Stadtarchiv Frankfurt (Oder) | Archivbibliothek | Magazin | 25/01/2023 | Dr. Becker | 0.00 | ab Jahrgang 38, Heft 1, Mai 1990 | II: 5081 | 25/01/2023 | 49/2023 | 25/01/2023 | Zeitschriften |